000 00311nam a22001097a 4500
008 230606b xxu||||| |||| 00| 0 eng d
082 _a651.3741
_bTAT
245 _aHow to become a Successful Secretary
_cDartnell Publishing
260 _aGreat Britain
_bDartnell Publishing
_c1961
300 _a64 p
942 _2ddc
_cBK
999 _c732
_d732